Delitos societarios Las diferentes figuras delictivas y su aplicacion en los Tribunales/

Detalles Bibliográficos
Autor principal: Moreno Chamarro, Ismael
Formato: Desconocido
Lenguaje:español
Publicado: Madrid: Editorial Universitaria Ramn̤ Areces, 2005
Materias:
Acceso en línea:Acceso restringido

MARC

LEADER 00000ny a22000003n 4500
005 20110523131227.0
008 080508t2005 sp s 000 0 spa c
020 |a 8480046872 
035 |a 1295 
040 |a UMA.RE  |d vlex 
080 |a 343.53(460)(0.034) 
080 |a 347.72(460)(0.034) 
090 |c 157  |d 157 
100 1 |a Moreno Chamarro, Ismael 
245 1 0 |a Delitos societarios  |h [Recurso electrn̤ico]  |b Las diferentes figuras delictivas y su aplicacion en los Tribunales/  |c Ismael Moreno Chamarro 
256 |a Servicio en ln̕ea 
260 |a Madrid:  |b Editorial Universitaria Ramn̤ Areces,  |c 2005 
506 1 |a Contenido solo disponible en los productos indicados  |d vLex Global  |d vLex Global (Academic Edition, excluding Law Schools)  |d vLex Global (U.S. Academic Edition, Law Schools)  |d vLex Global (U.S. Academic Edition, excluding Law Schools)  |d vLex Global (Academic Edition, Law Schools) 
650 0 7 |2 Tesauro vLex  |a Penal 
650 0 7 |2 Tesauro vLex  |a Delito 
650 0 7 |2 Tesauro vLex  |a Delitos societarios 
740 0 |a vLex Libros (Servicios en ln̕ea) 
856 4 0 |z Acceso restringido  |u http://vlex.com/source/delitos-societarios-figuras-delictivas-1295 
942 |c BOOK 
999 0 |a Criminal Law   |b Madrid